| 000 | 00576nam a2200205Ia 4500 | ||
|---|---|---|---|
| 001 | 13961 | ||
| 003 | GE_BSU | ||
| 008 | 181216s||||||||xx |||||||||||||| ||und|| | ||
| 040 | _cGE_BSU | ||
| 080 | _a811.111(075.8) | ||
| 100 | _aПетрова,А.В. Понтович,С.В. | ||
| 245 | _aУчебник англиского языка. Часть I. | ||
| 250 | _a7-е издание. | ||
| 260 | _aМ. | ||
| 260 | _bВысш. школа. | ||
| 260 | _c1963. | ||
| 300 | _a418 стр. 22 см. | ||
| 653 | _aУчебник англиского языка. | ||
| 942 | _cBK | ||
| 999 |
_c47104 _d47104 |
||